000 00702nam a2200205Ii 4500
003 JO-AjNU
008 230605s9999||||xx |||||||||||||| ||und||
017 _a3282
040 _aJO-AjNU
_bara
_erda
_cJO-AjNU
041 _aara
050 1 4 _aBP161.2.A7664 1900
100 3 _aالعقاد، عباس محمود,
_eauthor
_935593
245 0 0 _aالإسلام في القرن العشرين حاضره ومستقبله
264 3 1 _aالقاهرة: دار نهضة مصر للطبع والنشر، د.ت
300 _a125ص
336 _atext
_btxt
_2rdacontent
337 _aunmediated
_bn
_2rdamedia
338 _avolume
_bnc
_2rdacarrier
650 4 _aالاسلام- تاريخ- القرن20
_935594
999 _aA14710
_c18278
_d18278